| 000 | 00526nam a22001937a 4500 | ||
|---|---|---|---|
| 001 | 6364 | ||
| 003 | BD-RjUL | ||
| 005 | 20211208234230.0 | ||
| 008 | 140111b xxu||||| |||| 00| 0 eng d | ||
| 035 | _a(BD-RjUL) | ||
| 040 |
_aBD-RjUL _beng _cBD-RjUL |
||
| 041 | _aeng | ||
| 082 |
_a 332.15 _bGUI 1961 |
||
| 100 |
_aGuha ,Sunil . _920038 |
||
| 245 | _aIndia's balance of payments since independence; penetrating glimpses / | ||
| 260 |
_a New Delhi .: _bSudha publications, _c1961 |
||
| 300 |
_a39 P.: _c22 cm. |
||
| 942 |
_2ddc _cBK |
||
| 999 |
_c6364 _d6364 |
||